| 000 | 00438nam a22001577a 4500 | ||
|---|---|---|---|
| 020 | _a9789381626344 | ||
| 082 |
_a823 _bAMI/S |
||
| 100 |
_aAmish Tripathi _999863 |
||
| 245 |
_aThe secret of the Nagas book 2: _bthe Shiva Trilogy/ _cby Amish Tripathi |
||
| 260 |
_aNew Delhi: _bWestland, _c2011. |
||
| 300 | _a371p. | ||
| 650 |
_aNovel English _999864 |
||
| 650 |
_aLiterature English _999865 |
||
| 650 |
_aLiterature _999866 |
||
| 942 | _cBK | ||
| 999 |
_c140714 _d140714 |
||